Welcome to CU Library Online Public Access Catalogue (OPAC)

Healing through communication : (Record no. 2756)

MARC details
000 -LEADER
fixed length control field 01042pam a2200289 a 4500
001 - CONTROL NUMBER
control field 3468191
005 - DATE AND TIME OF LATEST TRANSACTION
control field 20250122091549.0
008 - FIXED-LENGTH DATA ELEMENTS--GENERAL INFORMATION
fixed length control field 930112s1993 caua b 001 0 eng c
020 ## - INTERNATIONAL STANDARD BOOK NUMBER
International Standard Book Number 0803951205 (cl.)
020 ## - INTERNATIONAL STANDARD BOOK NUMBER
International Standard Book Number 0803951213 (pbk.)
050 00 - LIBRARY OF CONGRESS CALL NUMBER
Classification number R727.3
Item number .M65 1993
082 00 - DEWEY DECIMAL CLASSIFICATION NUMBER
Classification number 601.69/6
Edition information 20
100 1# - MAIN ENTRY--PERSONAL NAME
Personal name Montgomery, Carol Leppanen.
245 10 - TITLE STATEMENT
Title Healing through communication :
Remainder of title the practice of caring /
Statement of responsibility, etc. Carol Leppanen Montgomery.
260 ## - PUBLICATION, DISTRIBUTION, ETC.
Place of publication, distribution, etc. Newbury Park, Calif. :
Name of publisher, distributor, etc. Sage Publications,
Date of publication, distribution, etc. c1993.
300 ## - PHYSICAL DESCRIPTION
Extent xii, 148 p. :
Other physical details ill. ;
Dimensions 23 cm.
650 #0 - SUBJECT ADDED ENTRY--TOPICAL TERM
Topical term or geographic name entry element Caring.
650 #0 - SUBJECT ADDED ENTRY--TOPICAL TERM
Topical term or geographic name entry element Medical personnel and patient.
650 #0 - SUBJECT ADDED ENTRY--TOPICAL TERM
Topical term or geographic name entry element Patients
General subdivision Psychology.
650 #0 - SUBJECT ADDED ENTRY--TOPICAL TERM
Topical term or geographic name entry element Caregivers
General subdivision Psychology.
650 #2 - SUBJECT ADDED ENTRY--TOPICAL TERM
Topical term or geographic name entry element Communication.
650 #2 - SUBJECT ADDED ENTRY--TOPICAL TERM
Topical term or geographic name entry element Professional-Patient Relations.
650 #2 - SUBJECT ADDED ENTRY--TOPICAL TERM
Topical term or geographic name entry element Caregivers
General subdivision psychology.
856 42 - ELECTRONIC LOCATION AND ACCESS
Materials specified Publisher description
Uniform Resource Identifier <a href="http://www.loc.gov/catdir/enhancements/fy0655/93012056-d.html">http://www.loc.gov/catdir/enhancements/fy0655/93012056-d.html</a>
856 41 - ELECTRONIC LOCATION AND ACCESS
Materials specified Table of contents only
Uniform Resource Identifier <a href="http://www.loc.gov/catdir/enhancements/fy0655/93012056-t.html">http://www.loc.gov/catdir/enhancements/fy0655/93012056-t.html</a>
942 ## - ADDED ENTRY ELEMENTS (KOHA)
Source of classification or shelving scheme Library of Congress Classification
Koha item type Books
Suppress in OPAC No
999 ## -
-- 2756
-- 2756
Holdings
Withdrawn status Lost status Source of classification or shelving scheme Damaged status Not for loan Collection Home library Current library Shelving location Date acquired Total checkouts Full call number Barcode Date last seen Copy number Price effective from Koha item type
    Library of Congress Classification     Non-fiction Science Library (Miotso) Science Library (Miotso) General stacks 01/22/2025   R727.3 .M65 MON SLM00002070 01/22/2025 1 01/22/2025 Books
© 2023-2024 Copyright: Central University Libraries. All Rights Reserved | Created by: Mahone Tech Office